| 000 | 00796nam a2200229Ia 4500 | ||
|---|---|---|---|
| 001 | 9156 | ||
| 003 | GE_BSU | ||
| 008 | 181216s||||||||xx |||||||||||||| ||und|| | ||
| 020 | _cბიბლიოგრ:გვ;624-627 | ||
| 040 | _cGE_BSU | ||
| 080 | _a821.353.1+821.353.1-31 | ||
| 100 | _aლისაშვილი,იაკინთე | ||
| 245 | _aთხზულებანი:ოთხ ტომად. ტ.4 | ||
| 245 | _bტ:4:თხზულებანი:რომანი | ||
| 245 | _cრედ:ც.ქაროსანიძე;მხატვ:დ.დუნდუა | ||
| 260 | _aთბილისი. | ||
| 260 | _bმერანი. | ||
| 260 | _c1977 | ||
| 300 | _a631გვ;21სმ | ||
| 653 | _aთხზულებანი:რომანი | ||
| 942 | _cBK | ||
| 999 |
_c42460 _d42460 |
||